| 000 | 00681aam a22002411a 4500 | ||
|---|---|---|---|
| 999 |
_c29067 _d29067 |
||
| 001 | YPZ99821 | ||
| 003 | YPZ | ||
| 005 | 20200403132303.0 | ||
| 008 | 151116|###########||||||b||||||||||spa|d | ||
| 040 | _cSIUNPA | ||
| 041 | _aspa | ||
| 044 | _aag | ||
| 080 | _a821.134.2(82) F847o | ||
| 100 |
_aFray Mocho, seud. _eÁlvarez, José Sixto |
||
| 245 |
_aObras completas _b : perfil de luces para Fray Mocho _c/ Fray Mocho |
||
| 260 |
_aBuenos Aires _b : Schapire _c , 1961 |
||
| 300 | _a2 t. | ||
| 490 | _a(Colección los consagrados) | ||
| 650 | _a LITERATURA ARGENTINA | ||
| 700 |
_aSolero, F.J., _dpról. y notas |
||
| 700 |
_dMuñoz, Gori _e il. en col. |
||
| 942 |
_cBK _2udc |
||